| 000 | 00426nam a22001457a 4500 | ||
|---|---|---|---|
| 005 | 20180821140705.0 | ||
| 020 |
_a8179080056 _c00.00 |
||
| 035 | _aB-125445,B-125449 | ||
| 037 |
_aDPL _bENG |
||
| 100 | _aBaruah, Arunima | ||
| 245 |
_aLibrary Science : Prospects in 21st century / _cby Arunima Baruah |
||
| 260 |
_aNew Delhi _bKilaso Books _c2004 |
||
| 300 |
_axi, 303p. _c18 cms. |
||
| 942 |
_2ddc _cEN _h020 _mBAR |
||
| 999 |
_c63219 _d63219 |
||